| 000 | 00838nam0a22002531 4500 | ||
|---|---|---|---|
| 001 | rc\2231616 | ||
| 005 | 20250622215246.0 | ||
| 035 | _a(NLR Aleph) 006435690 | ||
| 090 |
_a5591166 _c5591166 |
||
| 100 | _a20091216d1978 |||y0rusy50 ca | ||
| 101 | 1 |
_arus _cest |
|
| 102 | _aRU | ||
| 105 | _ay z |||a| | ||
| 200 | 1 |
_aТанец вокруг парового котла _eРоман _aКофейные зерна _eПовесть _fПер. с эст. Р. Минны _g[Вступ. статья В. Оскоцкого] |
|
| 210 |
_aМосква _cХудож. лит. _d1978 |
||
| 215 |
_a238 с. _d20 |
||
| 700 | 1 |
_aТраат _bМ. _f1936- _gМатс |
|
| 702 | 1 |
_aОскоцкий _bВ. _4080 |
|
| 702 | 1 |
_aМинна _bР. _4730 |
|
| 801 | 1 |
_aRU _bELAR _2rusmarc |
|
| 801 | 0 |
_aRU _bNLR _gpsbo |
|
| 852 |
_aNLR _j78-3/9603 |
||
| 942 | _cBOOK | ||
| 980 | _aNB | ||